000
00267nam a22001097a 4500
999
_c
529603
_d
529603
020
_a
0071147357
082
_a
658.8
100
_a
Michael J. Etzel
245
_a
Marketing
_c
Michael J. Etzel
942
_2
ddc
_c
BK